| 000 | 01435cam a22003857a 4500 | ||
|---|---|---|---|
| 003 | CHAP | ||
| 005 | 20220329134755.0 | ||
| 008 | 971013s1963 r 00010 d | ||
| 010 | _a25696 | ||
| 011 | _a26668 | ||
| 035 | _a30769 | ||
| 040 | _cCHAP | ||
| 082 |
_a633 _bB84Y |
||
| 100 | 0 | 0 |
_aBukasov, S. M. _916017 |
| 245 | 1 | 4 | _aLas plantas cultivadas de México, Guatemala y Colombia ; con suplementos |
| 260 |
_aLima : _bInstituto Interamericano de Ciencias Agrícolas, _c1963 |
||
| 300 | _a261 p. | ||
| 490 | 0 |
_aPublicación miscelánea _v; 20 |
|
| 590 |
_aBATCH-UPD _b10 _c20130110 _lUCH01 _h2115 |
||
| 590 |
_aBATCH-UPD _b10 _c20130410 _lUCH01 _h1426 |
||
| 590 |
_aBATCH-UPD _b10 _c20130914 _lUCH01 _h1859 |
||
| 590 |
_aCONVERSION _b10 _c20130109 _lUCH01 _h1315 |
||
| 650 | 1 | 4 |
_aPlantas cultivadas _xColombia. _988926 |
| 650 | 1 | 4 |
_aPlantas cultivadas _xGuatemala. _988930 |
| 650 | 1 | 4 |
_aPlantas cultivadas _xMéxico. _988932 |
| 700 | 0 |
_aKuleshov, N. N. _964060 |
|
| 830 | 0 |
_aPublicación miscelánea _v; 20 _992775 |
|
| 901 | _aBK | ||
| 942 | _cLIBRO | ||
| 949 |
_a633 B84Y _bBC _cLIBRO _d33724000183802 _eLIBRO _fc.4 _i30769 _si |
||
| 949 |
_a633 B84Y _bBC _cLIBRO _d33724000188645 _eLIBRO _h22001 _i30769 _si |
||
| 949 |
_a633 B84Y _bBC _cLIBRO _d33724000188660 _eLIBRO _fc.5 _h59229 _i30769 _si |
||
| 949 |
_a633 B84Y _bBC _cLIBRO _d33724000189361 _eLIBRO _fc.2 _h22002 _i30769 _si |
||
| 949 |
_a633 B84Y _bBC _cLIBRO _dD_D083 _eLIBRO _fc.3 _h15370 _i30769 _si |
||
| 999 |
_c25696 _d25696 |
||